00217 a2200097 4500001000700000040003500007100002100042240002600063245002100089362000900110153872 cEscola São Tomás de Aquino aJUNQUEIRA, Sonia10aO peru de perucalpor10aO peru de peruca0 a1996